000 00584nam a22001817a 4500
999 _c195570
_d195570
005 20230405120725.0
010 _aENG-136607
020 _a9789352546152
_c200.00
035 _aEN-120132
037 _bDBAD/PUB
082 _a821
100 _aSelvam,A.B.D
245 _aBotonical Poems/
_cBy A.B.D Selvam
260 _aWest Bengal
_bDr.A.B.D Selvam
_c2015
270 _a12, Madhu sudan Das Lane, PO .Botonic Garden, Howrah
_bWest Bengal
_e711103
_k9830569377
_k9433131829
_mabd_selvam@yahoo.co.in
300 _a61p.;
_c25cm(pbk)
_bill.
942 _2ddc
_cEN
_h881
_mSEL